LIBRARY & INFORMATION CENTRE, KCAET, TAVANUR

ONLINE PUBLIC ACCESS CATALOGUE (OPAC)

Mechanical vibrations: active and passive control / (Record no. 13207)

MARC details
000 -LEADER
fixed length control field 00469cam a2200181ua 4500
041 ## - LANGUAGE CODE
Language code of text/sound track or separate title eng
082 ## - DEWEY DECIMAL CLASSIFICATION NUMBER
Classification number 620.3
Item number KRY/ME
100 ## - MAIN ENTRY--AUTHOR NAME
Personal name Krysinski, Tomasz .
245 ## - TITLE STATEMENT
Title Mechanical vibrations: active and passive control /
260 ## - PUBLICATION, DISTRIBUTION, ETC. (IMPRINT)
Place of publication :
Name of publisher ISTE ,
Year of publication 2007.
300 ## - PHYSICAL DESCRIPTION
Number of Pages 366 ; .
700 1# - ADDED ENTRY--PERSONAL NAME
Personal name Malburet, Francois .
942 ## - ADDED ENTRY ELEMENTS (KOHA)
Koha item type Books
Holdings
Withdrawn status Lost status Damaged status Home library Current library Date acquired Full call number Accession Number Koha item type
      KAUAET KAUAET 07/04/2012 620.3 KRY/ME 21849 Books
free website counter